00212nam a2200085Ia 4500008004100000041000800041100001900049245004900068260000900117230508s1986 xx 000 0 und d aeng aLEVENTHAL L.A. aINTRODUCTION TO MICROPROCESSOR,S/W,H/W PROG. c1986